Tactics for listening / (Record no. 9149)
[ view plain ]
| 000 -LEADER | |
|---|---|
| fixed length control field | 01316nac a22003731u 4500 |
| 003 - CONTROL NUMBER IDENTIFIER | |
| control field | EG-ScBUE |
| 005 - DATE AND TIME OF LATEST TRANSACTION | |
| control field | 20220626125102.0 |
| 006 - FIXED-LENGTH DATA ELEMENTS--ADDITIONAL MATERIAL CHARACTERISTICS--GENERAL INFORMATION | |
| fixed length control field | m||||fq||h 00| 0 |
| 008 - FIXED-LENGTH DATA ELEMENTS--GENERAL INFORMATION | |
| fixed length control field | 080806m20032004nyua f 000 0 eng d |
| 020 ## - INTERNATIONAL STANDARD BOOK NUMBER | |
| International Standard Book Number | 9780194384513 (Student Book with CD pack) |
| 020 ## - INTERNATIONAL STANDARD BOOK NUMBER | |
| International Standard Book Number | 9780194384551 (CD pack) |
| 020 ## - INTERNATIONAL STANDARD BOOK NUMBER | |
| International Standard Book Number | 9780194384513 (CD-ROM) |
| 020 ## - INTERNATIONAL STANDARD BOOK NUMBER | |
| International Standard Book Number | 9780194384599 (Student Book without CD) |
| 040 ## - CATALOGING SOURCE | |
| Original cataloging agency | EG-ScBUE |
| Language of cataloging | eng |
| Description conventions | rda |
| Transcribing agency | EG-ScBUE |
| Modifying agency | EG-ScBUE |
| 082 04 - DEWEY DECIMAL CLASSIFICATION NUMBER | |
| Classification number | 428.34 |
| Item number | RIC |
| Edition number | 22 |
| 100 1# - MAIN ENTRY--PERSONAL NAME | |
| Personal name | Richards, Jack C, |
| Dates associated with a name | 1943- |
| Relator term | author. |
| 245 10 - TITLE STATEMENT | |
| Title | Tactics for listening / |
| Statement of responsibility, etc | Jack C. Richards. |
| 250 ## - EDITION STATEMENT | |
| Edition statement | Second edition. |
| 264 #1 - PUBLICATION, DISTRIBUTION, ETC. (IMPRINT) | |
| Place of publication, distribution, etc | New York ; |
| -- | Oxford : |
| Name of publisher, distributor, etc | Oxford University Press, |
| Date of publication, distribution, etc | [2003-2004] |
| 300 ## - PHYSICAL DESCRIPTION | |
| Extent | 3 volumes : |
| Other physical details | illustrations ; |
| Dimensions | 28 cm + |
| Accompanying material | 1 CD |
| 336 ## - CONTENT TYPE | |
| Source | rdacontent |
| Content type term | text |
| Content type code | txt |
| 336 ## - CONTENT TYPE | |
| Source | rdacontent |
| Content type term | spoken word |
| Content type code | spw |
| 337 ## - MEDIA TYPE | |
| Source | rdamedia |
| Media type term | unmediated |
| Media type code | n |
| 337 ## - MEDIA TYPE | |
| Source | rdamedia |
| Media type term | audio |
| Media type code | s |
| 338 ## - CARRIER TYPE | |
| Source | rdacarrier |
| Carrier type term | volume |
| Carrier type code | nc |
| 338 ## - CARRIER TYPE | |
| Source | rdacarrier |
| Carrier type term | computer disc |
| Carrier type code | cd |
| 505 0# - FORMATTED CONTENTS NOTE | |
| Formatted contents note | Basic -- Expanding -- Developing. |
| 590 ## - LOCAL NOTE (RLIN) | |
| Local note | reham |
| 650 #7 - SUBJECT ADDED ENTRY--TOPICAL TERM | |
| Topical term or geographic name as entry element | English language |
| Form subdivision | Textbooks for foreign speakers. |
| Source of heading or term | BUEsh |
| 650 #7 - SUBJECT ADDED ENTRY--TOPICAL TERM | |
| Topical term or geographic name as entry element | Listening |
| Form subdivision | Problems, exercises, etc. |
| Source of heading or term | BUEsh |
| 9 (RLIN) | 26310 |
| 653 ## - INDEX TERM--UNCONTROLLED | |
| Resource For college | Humanities: English |
| Arrived date list | December2019 |
| 655 ## - INDEX TERM--GENRE/FORM | |
| Form subdivision | Reading book |
| 9 (RLIN) | 34232 |
| 942 ## - ADDED ENTRY ELEMENTS (KOHA) | |
| Koha item type | Book - Borrowing |
| Call number prefix | 428.34RIC |
| Source of classification or shelving scheme | Dewey Decimal Classification |
| Withdrawn status | Lost status | Source of classification or shelving scheme | Damaged status | Not for loan | Home library | Current library | Shelving location | Date acquired | Source of acquisition | Total Checkouts | Total Renewals | Full call number | Barcode | Date last seen | Date checked out | Koha item type | Collection code | Price effective from | Uniform Resource Identifier | Cost, replacement price | Public note |
|---|---|---|---|---|---|---|---|---|---|---|---|---|---|---|---|---|---|---|---|---|---|
| Dewey Decimal Classification | Central Library | Central Library | Second Floor | 08/04/2016 | Purchase | 3 | 1 | 428.34 RIC | 000011148 | 15/07/2025 | 11/09/2012 | Book - Borrowing | |||||||||
| Dewey Decimal Classification | Central Library | Central Library | Second Floor | 08/04/2016 | 2 | 428.34 RIC | 000011146 | 15/07/2025 | 31/05/2012 | Book - Borrowing | 16/04/2008 | ||||||||||
| Dewey Decimal Classification | Central Library | Central Library | Second Floor | 08/04/2016 | Purchase | 2 | 2 | 428.34 RIC | 000011144 | 15/07/2025 | 12/12/2016 | Book - Borrowing | |||||||||
| Dewey Decimal Classification | Central Library | Central Library | Second Floor | 16/04/2008 | 1 | 428.34 RIC | 000013483 | 24/08/2022 | 11/07/2012 | CD | DVD - With book | 05/08/2008 | 13867 | 2008.00 | Class CD 1 Units 1-8, Class CD 2 Units 9-16, Class CD 3 Units 17-24 + Test Booklet | |||||||
| Dewey Decimal Classification | Central Library | Central Library | Second Floor | 06/08/2008 | Purchase | 3 | 428.34 RIC | 000011147 | 24/08/2022 | 11/07/2012 | CD | DVD - With book | 06/08/2008 | 2008.00 | Student CD | |||||||
| Dewey Decimal Classification | Central Library | Central Library | Second Floor | 06/08/2008 | Purchase | 1 | 428.34 RIC | 000013490 | 24/08/2022 | 11/09/2012 | CD | DVD - With book | 06/08/2008 | 2008.00 | Class CD 1 Units 1-8, Class CD 2 Units 9-16, Class CD 3 Units 17-24 + Test Booklet | |||||||
| Dewey Decimal Classification | Central Library | Central Library | Second Floor | 06/08/2008 | 3 | 1 | 428.34 RIC | 000013491 | 24/08/2022 | 12/12/2016 | CD | DVD - With book | 06/08/2008 | 2008.00 | Class CD 1 Units 1-8, Class CD 2 Units 9-16, Class CD 3 Units 17-24 + Test Booklet | |||||||
| Dewey Decimal Classification | Central Library | Central Library | Second Floor | 07/07/2011 | 1 | 3 | 428.34 RIC | 000011143 | 24/08/2022 | 14/09/2011 | CD | DVD - With book | 06/08/2008 | 0.00 | Student CD | |||||||
| Dewey Decimal Classification | Central Library | Central Library | Second Floor | 29/04/2010 | 1 | 428.34 RIC | 000013501 | 24/08/2022 | 11/07/2012 | CD | DVD - With book (NB) | 29/04/2010 | ||||||||||
| Dewey Decimal Classification | Central Library | Central Library | Second Floor | 29/04/2010 | 1 | 428.34 RIC | 000011145 | 24/08/2022 | 31/05/2012 | CD | DVD - With book | 29/04/2010 | ||||||||||
| Dewey Decimal Classification | Central Library | Central Library | Second Floor | 17/07/2011 | 428.34 RIC TR | 000024374 | 15/07/2025 | Book - Teacher Resource | |||||||||||||
| Dewey Decimal Classification | Central Library | Central Library | Second Floor | 17/07/2011 | 428.34 RIC TR | 000024375 | 24/08/2022 | CD | DVD - With Teacher Resource | 17/07/2011 |